UBT Library

Objekt edukativo- arsimor shkolla e mesme teknike 14 klasëshe (Record no. 45849)

000 -LEADER
fixed length control field 00305nam a22001217a 4500
008 - FIXED-LENGTH DATA ELEMENTS--GENERAL INFORMATION
fixed length control field 180516b xxu||||| |||| 00| 0 eng d
041 ## - LANGUAGE CODE
Language code of text/sound track or separate title eng
080 ## - UNIVERSAL DECIMAL CLASSIFICATION NUMBER
Universal Decimal Classification number 043.3
100 ## - Rafti
Rafti 0
101 ## - Shkurtesa
Shkurtesa ARK-BTH
245 ## - TITLE STATEMENT
Title Objekt edukativo- arsimor shkolla e mesme teknike 14 klasëshe
Statement of responsibility, etc Elezaj,B
942 ## - ADDED ENTRY ELEMENTS (KOHA)
Source of classification or shelving scheme
Item type Books
Holdings
Withdrawn status Lost status Source of classification or shelving scheme Damaged status Not for loan Collection code Permanent location Current location Shelving location Date acquired Total Checkouts Full call number Barcode Date last seen Price effective from Koha item type
          Koleksioni i përgjithshem UBT - Lipjan UBT - Lipjan Disertacionet 05/16/2018   043.3 Elezaj,B 2014 002-30024719 05/16/2018 05/16/2018 Books
          Koleksioni i përgjithshem UBT - Lipjan UBT - Lipjan Disertacionet 05/16/2018   043.3 Elezaj,B 2014 002-30024714 05/16/2018 05/16/2018 Books
          Koleksioni i përgjithshem UBT - Lipjan UBT - Lipjan Disertacionet 05/16/2018   043.3 Elezaj,B 2014 002-30024713 05/16/2018 05/16/2018 Books
UBT Library © 2015-2024. All rights reserved University Education for Business and Technology